Vachanasahityadalli samaja bhashika chintanegalu. (Record no. 115227)

MARC details
000 -LEADER
fixed length control field 00687nam a2200205Ia 4500
003 - CONTROL NUMBER IDENTIFIER
control field OSt
005 - DATE AND TIME OF LATEST TRANSACTION
control field 20250814104236.0
008 - FIXED-LENGTH DATA ELEMENTS--GENERAL INFORMATION
fixed length control field 210210b2003 xxu||||| |||| 00| 0 eng d
040 ## - CATALOGING SOURCE
Transcribing agency AL
041 ## - LANGUAGE CODE
Language code of text/sound track or separate title Kannada
082 ## - DEWEY DECIMAL CLASSIFICATION NUMBER
Classification number K894.109 SHIV
100 ## - MAIN ENTRY--PERSONAL NAME
Personal name SHIVANANDA (V)
Dates associated with a name ಶಿವಾನಂದ (ವಿ)
9 (RLIN) 235448
245 ## - TITLE STATEMENT
Title Vachanasahityadalli samaja bhashika chintanegalu.
Remainder of title ವಚನಸಾಹಿತ್ಯದಲ್ಲಿ ಸಮಾಜ ಭಾಷಿಕ ಚಿಂತನೆಗಳು.
260 ## - PUBLICATION, DISTRIBUTION, ETC.
Place of publication, distribution, etc. Dharavada
Name of publisher, distributor, etc. Shri Basaveshvara Peeta
Date of publication, distribution, etc. 2003
300 ## - PHYSICAL DESCRIPTION
Extent xvi,214
650 ## - SUBJECT ADDED ENTRY--TOPICAL TERM
Topical term or geographic name entry element Vachanasahitya
9 (RLIN) 235449
690 ## - LOCAL SUBJECT ADDED ENTRY--TOPICAL TERM (OCLC, RLIN)
Topical term or geographic name as entry element Kannada Poetry Criticism
9 (RLIN) 235450
906 ## - LOCAL DATA ELEMENT F, LDF (RLIN)
a SG04254
942 ## - ADDED ENTRY ELEMENTS (KOHA)
Source of classification or shelving scheme Dewey Decimal Classification
Koha item type Book
Holdings
Withdrawn status Lost status Source of classification or shelving scheme Damaged status Not for loan Collection code Home library Current library Shelving location Date acquired Source of acquisition Cost, normal purchase price Total Checkouts Full call number Barcode Date last seen Price effective from Koha item type
    Dewey Decimal Classification     Kannada St Aloysius Library St Aloysius Library   02/17/2021 Karnataka Vishvavidyalya, Dharavada. 100.00   K894.109 SHIV SG04254 02/17/2021 02/17/2021 Special Grants